[Event "Paris-ch op-A"]
[Site "Paris"]
[Date "2010.07.07"]
[Round "5"]
[White "Laurent, Julien G"]
[Black "Said, Eric"]
[Result "1-0"]
[WhiteElo "2291"]
[BlackElo "2049"]
[PlyCount "63"]
[EventDate "2010.07.03"]
[EventType "swiss"]
[EventRounds "9"]
[EventCountry "FRA"]
[SourceTitle "CBM 137 Extra"]
[Source "ChessBase"]
[SourceDate "2010.09.01"]
[SourceVersion "1"]
[SourceVersionDate "2010.09.01"]
[SourceQuality "1"]

1. e4 c5 2. Nf3 d6 3. Bb5+ Bd7 4. Bxd7+ Qxd7 5. 0-0 Nc6 6. c4 Nf6 7. Nc3 g6 8. d4 cxd4 9. Nxd4 Bg7 10. Nc2 0-0 11. Rb1 Rac8 12. b3 a6 13. Qe2 Qc7 14. Bb2 Rfe8 15. Rfd1 b6 16. Ne3 Qb7 17. h3 Na7 18. f3 b5 19. Ncd5 Nxd5 20. Nxd5 Bxb2 21. Rxb2 Nc6 22. Kh2 Ne5 23. Rc1 Nd7 24. Rbc2 e6 25. Ne3 Nf6 26. cxb5 Rxc2 27. bxa6 Rxe2 28. axb7 Nd7 29. Rc8 Kf8 30. Ng4 Rc2 31. Rxe8+ Kxe8 32. Nf6+ 1-0